000 00523nam a2200193Ia 4500
003 OSt
005 20250203134926.0
008 210716s1990 xx 000 0 und d
020 _a0671692992
040 _cAIMIT LIBRARY
041 _aeng
082 _a823.914
_21
_bMCLA
100 _aMcleay, Alison.
_9197169
245 _aPassage home /
_cBy Alison Mcleay.
250 _a1st ed.
260 _aNew York :
_bSimon and Schuster Inc ;
_c1990.
300 _a606p. ;
_bPB
_c24 cm.
942 _2ddc
_cBK
_e1st ed.
_k823.914 MCLA
999 _c200148
_d200148